| 000 | 00660nam a22002297a 4500 | ||
|---|---|---|---|
| 003 | DO-SdBPM | ||
| 005 | 20250701141401.0 | ||
| 008 | 180212b2001 sp|||| 00| 0 spa d | ||
| 020 | _a8472977056 | ||
| 040 |
_aDO-SdBPM _bspa _cBPMSU |
||
| 082 |
_a372.4 _bV872 2001 _222 |
||
| 245 | 0 | 0 | _aVocales |
| 260 |
_aGuipúzcoa, España : _bSaldaña, _c2001 |
||
| 300 |
_a[ 6 p.] : _bil. ; _c24 cm |
||
| 490 | 0 | _aAprende con Oscar | |
| 590 | _aInventariado, 2025/VM | ||
| 650 | 4 | _aEducación preescolar | |
| 650 | 4 |
_aLectura recreativa _vEnseñanza |
|
| 650 | 4 | _aLibros y lecturas para niños | |
| 910 | _aVMateo V. Control de calidad. BPMSU | ||
| 942 |
_2ddc _cBK |
||
| 999 |
_c13280 _d13280 |
||